000 00262nam a2200097Ia 4500
001 647138
005 20250826153656.0
008 250824s9999 xx 000 0 und d
245 0 _aLEVENT VE TAYFASI 19 BÖCEK DEDEKTİFİ
_cMUSTAFA ORAKÇI
260 _bTİMAŞ ÇOCUK
999 _c647138
_d647138